000 00709nam a2200217 a 4500
001 000002567
005 20260313112256.0
008 840510s1984 pr b 001 0 spa
040 _aDO-SdBNP
_bspa
_cBNPHU
082 _a801.93
_bM516c
100 1 _aMejía Mattei, Francisco A.
_98083
245 1 0 _aColoquios a la sombra :
_bcon un impresionista malhumorado y divertido /
_cFrancisco A. Mejía Mattei.
260 _aRio Piedras, Puerto Rico :
_bEditora Cultural,
_c1984.
300 _a213 p. ;
_c18 cm.
490 1 _aLibro cultural
504 _aBibliografía : p. 199-213.
650 4 _aEstética
_xLiteratura
_98084
650 0 _aTeatro
_97455
650 0 _aPoesía
_94503
830 0 _aLibro cultural.
_98085
999 _c2403
_d2403